[Event "Shropshire Major U1900"]
[Site "Telford"]
[Date "2025.01.04"]
[Round "2.1"]
[White "Hall, Alan A"]
[Black "Raghavan, Rajeev P"]
[Result "1-0"]
[WhiteElo "1707"]
[BlackElo "1896"]
[PlyCount "79"]
[EventDate "2025.01.03"]
[EventType "swiss"]
[EventRounds "5"]
[EventCountry "ENG"]
[SourceTitle "BritBase"]
[Source "John Saunders"]
[SourceDate "2025.01.09"]
[SourceVersion "1"]
[SourceVersionDate "2025.01.09"]
[SourceQuality "1"]

1. d4 Nf6 2. Nf3 g6 3. c4 c6 4. Nc3 d5 5. Bg5 Nbd7 6. e3 Bg7 7. Bd3 O-O 8. O-O Re8 9. h3 dxc4 10. Bxc4 Qb6 11. Bb3 e5 12. dxe5 Nxe5 13. Nxe5 Rxe5 14. Bf4 Re8 15. Rc1 Bf5 16. Qe2 Rad8 17. Rfd1 Nd7 18. Na4 Qa5 19. Rd2 Nb6 20. Nc3 Rxd2 21. Qxd2 Nd7 22. g4 Ne5 23. Bxe5 Rd8 24. Qe1 Qxe5 25. gxf5 Qxf5 26. Qf1 Rd2 27. Nd1 Be5 28. Qg2 a5 29. Qg4 Qf6 30. f4 Bxb2 31. Rc2 Rxc2 32. Bxc2 Bc1 33. Qc8+ Kg7 34. Qxb7 Qe6 35. Bb3 Bxe3+ 36. Nf2 Qf6 37. Qc7 Qh4 38. Qxf7+ Kh6 39. Qf8+ Kh5 40. Bd1+ 1-0

[Event "Shropshire Major U1900"]
[Site "Telford"]
[Date "2025.01.04"]
[Round "2.2"]
[White "Pugh, Glyn D"]
[Black "Greatorex, Roger"]
[Result "1-0"]
[WhiteElo "1857"]
[BlackElo "1742"]
[PlyCount "89"]
[EventDate "2025.01.03"]
[EventType "swiss"]
[EventRounds "5"]
[EventCountry "ENG"]
[SourceTitle "BritBase"]
[Source "John Saunders"]
[SourceDate "2025.01.09"]
[SourceVersion "1"]
[SourceVersionDate "2025.01.09"]
[SourceQuality "1"]

1. d4 d5 2. c4 Nc6 3. e3 e5 4. cxd5 Qxd5 5. Nc3 Bb4 6. Bd2 Bxc3 7. bxc3 exd4 8. cxd4 Nf6 9. Ne2 Ne4 10. Nc3 Nxc3 11. Bxc3 O-O 12. Qf3 Qf5 13. Qxf5 Bxf5 14. Be2 a5 15. a3 Rfe8 16. O-O Re7 17. Rfc1 h6 18. Ra2 Nd8 19. Rb2 c6 20. Rb6 Bg6 21. Bc4 Kf8 22. Bd2 Rd7 23. Bc3 Re7 24. Kf1 f5 25. Bd3 h5 26. Bd2 Kf7 27. Rc5 Ne6 28. Rxa5 Rxa5 29. Bxa5 f4 30. Bxg6+ Kxg6 31. Bc3 fxe3 32. fxe3 Kf5 33. Ke2 Ke4 34. a4 Rd7 35. a5 Nd8 36. a6 bxa6 37. Rxa6 c5 38. dxc5 Kd5 39. Rd6+ Rxd6 40. cxd6 Kxd6 41. Bxg7 Ne6 42. Bf6 Kd5 43. Kf3 Nc5 44. Bd4 Ne4 45. Kf4 1-0

[Event "Shropshire Major U1900"]
[Site "Telford"]
[Date "2025.01.04"]
[Round "3.1"]
[White "Tedd, Bernie"]
[Black "Pugh, Glyn D"]
[Result "1/2-1/2"]
[WhiteElo "1702"]
[BlackElo "1857"]
[PlyCount "86"]
[EventDate "2025.01.03"]
[EventType "swiss"]
[EventRounds "5"]
[EventCountry "ENG"]
[SourceTitle "BritBase"]
[Source "John Saunders"]
[SourceDate "2025.01.09"]
[SourceVersion "1"]
[SourceVersionDate "2025.01.09"]
[SourceQuality "1"]

1. e4 d5 2. exd5 Qxd5 3. Nf3 Bg4 4. Be2 Nc6 5. Nc3 Qd7 6. h3 Bf5 7. g4 Bg6 8. Nh4 O-O-O 9. f4 e6 10. d3 Be7 11. Ng2 Nd4 12. Be3 a6 13. Bxd4 Qxd4 14. Qd2 Bb4 15. a3 Ba5 16. b4 Bb6 17. Bf3 Nf6 18. Rb1 h5 19. g5 Nd5 20. Bxd5 exd5 21. Kd1 f6 22. Ne2 Qf2 23. Nc3 Bf5 24. Qxf2 Bxf2 25. Ke2 Bd4 26. Kd2 Rhe8 27. Ne2 Bb6 28. Ng3 Bd7 29. Nxh5 fxg5 30. fxg5 Rf8 31. Nhf4 c6 32. Rbf1 Rf5 33. Ne2 Rxg5 34. Ngf4 Re8 35. d4 Bc7 36. Rfg1 Rf5 37. Nd3 g5 38. h4 gxh4 39. Rxh4 a5 40. c3 Bd8 41. Rhg4 axb4 42. axb4 Rh5 43. R4g2 Bc7 1/2-1/2

[Event "Shropshire Major U1900"]
[Site "Telford"]
[Date "2025.01.04"]
[Round "3.2"]
[White "Hankey, Chris P"]
[Black "Neal, Toby C"]
[Result "1/2-1/2"]
[WhiteElo "1839"]
[BlackElo "1826"]
[PlyCount "114"]
[EventDate "2025.01.03"]
[EventType "swiss"]
[EventRounds "5"]
[EventCountry "ENG"]
[SourceTitle "BritBase"]
[Source "John Saunders"]
[SourceDate "2025.01.09"]
[SourceVersion "1"]
[SourceVersionDate "2025.01.09"]
[SourceQuality "1"]

1. d4 Nf6 2. c4 e6 3. Nf3 b6 4. g3 Ba6 5. b3 b5 6. c5 Be7 7. Bg2 Bb7 8. O-O O-O 9. Nbd2 d6 10. cxd6 cxd6 11. Bb2 Qb6 12. a3 Nbd7 13. b4 Ne4 14. Nxe4 Bxe4 15. Ne5 Bxg2 16. Nxd7 Qb7 17. Nxf8 Bxf1 18. Qxf1 Kxf8 19. Rc1 Rc8 20. e4 a6 21. Qd1 Rc4 22. Qd3 d5 23. exd5 Rxc1+ 24. Bxc1 Qxd5 25. Qxh7 Bf6 26. Qh8+ Ke7 27. Qc8 Bxd4 28. Qc7+ Qd7 29. Qc2 Kd6 30. Bb2 e5 31. Bxd4 exd4 32. Qc5+ Ke6 33. f4 Qd6 34. Qc8+ Ke7 35. Qb7+ Kf6 36. Qc8 d3 37. Qc3+ Kg6 38. Qd2 Qd4+ 39. Kg2 Kf5 40. Kf3 Qe4+ 41. Kf2 Qd4+ 42. Kf3 f6 43. g4+ Kg6 44. f5+ Kf7 45. h4 g6 46. fxg6+ Kxg6 47. h5+ Kg7 48. Qe3 Qd5+ 49. Kf2 Qd6 50. Qa7+ Kg8 51. Qa8+ Kh7 52. Qe4+ Kh8 53. Qe8+ Kg7 54. Qg6+ Kh8 55. Qh6+ Kg8 56. Qg6+ Kh8 57. h6 Qf4+ 1/2-1/2

[Event "Shropshire Major U1900"]
[Site "Telford"]
[Date "2025.01.05"]
[Round "4.1"]
[White "Pugh, Glyn D"]
[Black "Hall, Alan A"]
[Result "1-0"]
[WhiteElo "1857"]
[BlackElo "1707"]
[PlyCount "150"]
[EventDate "2025.01.03"]
[EventType "swiss"]
[EventRounds "5"]
[EventCountry "ENG"]
[SourceTitle "BritBase"]
[Source "John Saunders"]
[SourceDate "2025.01.09"]
[SourceVersion "1"]
[SourceVersionDate "2025.01.09"]
[SourceQuality "1"]

1. d4 Nf6 2. c4 e5 3. dxe5 Ng4 4. e3 Nxe5 5. f4 Ng6 6. Nf3 Nc6 7. a3 a5 8. Nc3 Bc5 9. Qd3 d6 10. Be2 Bg4 11. Bd2 Qd7 12. O-O-O O-O-O 13. h3 Bxf3 14. Bxf3 Nge7 15. Nd5 Kb8 16. Rhe1 h5 17. Nxe7 Nxe7 18. Bxa5 Nc6 19. Bc3 f6 20. b4 Ba7 21. b5 Ne7 22. Bd4 h4 23. Bxa7+ Kxa7 24. Rd2 Qf5 25. Qc3 Ra8 26. b6+ Kb8 27. bxc7+ Kxc7 28. Rb2 Nc6 29. Rb5 Qd7 30. Rd1 Ra6 31. c5 Re8 32. Qb3 Ra7 33. Rxd6 Qe7 34. Rd3 Rd8 35. Bxc6 bxc6 36. Rxd8 cxb5 37. Rd6 Rb7 38. Kd2 Qe4 39. Qd5 Qxd5+ 40. Rxd5 Kc6 41. e4 Ra7 42. Rd3 Kxc5 43. g3 hxg3 44. Rxg3 Kd4 45. Re3 Re7 46. Rd3+ Kc4 47. Ke3 Ra7 48. h4 Re7 49. h5 Rf7 50. Rd4+ Kc5 51. Rd5+ Kc6 52. Kd4 Ra7 53. Rc5+ Kb6 54. Rc3 Ra4+ 55. Ke3 Ra5 56. Kf3 b4 57. axb4 Rxh5 58. Kg4 Rb5 59. Rc4 Kb7 60. f5 Re5 61. Kh5 Re7 62. Kg6 Rd7 63. Rc5 Re7 64. Rd5 Rxe4 65. Kxg7 Kc6 66. Rd1 Rxb4 67. Kxf6 Rb7 68. Kg6 Rb2 69. f6 Rg2+ 70. Kf7 Re2 71. Kf8 Rf2 72. f7 Kc7 73. Rg1 Kd7 74. Kg8 Ke7 75. Re1+ Kd8 1-0

[Event "Shropshire Major U1900"]
[Site "Telford"]
[Date "2025.01.05"]
[Round "4.2"]
[White "Neal, Toby C"]
[Black "Tedd, Bernie"]
[Result "1-0"]
[WhiteElo "1826"]
[BlackElo "1772"]
[PlyCount "97"]
[EventDate "2025.01.03"]
[EventType "swiss"]
[EventRounds "5"]
[EventCountry "ENG"]
[SourceTitle "BritBase"]
[Source "John Saunders"]
[SourceDate "2025.01.09"]
[SourceVersion "1"]
[SourceVersionDate "2025.01.09"]
[SourceQuality "1"]

1. e4 d5 2. exd5 Qxd5 3. Nf3 Bg4 4. Be2 Nc6 5. d4 O-O-O 6. Nc3 Qa5 7. Be3 Nf6 8. h3 Bh5 9. g4 Bg6 10. O-O e6 11. a3 Nd5 12. Nxd5 Qxd5 13. c4 Qd7 14. Qa4 Kb8 15. Qb5 Ne7 16. Qb3 f6 17. Rfd1 Be4 18. Rac1 g5 19. Qc3 Nc8 20. d5 Bxf3 21. Bxf3 Bd6 22. c5 Be5 23. Qb3 c6 24. dxc6 Qc7 25. Rxd8 Rxd8 26. cxb7 Ne7 27. c6 Bd4 28. Bxd4 Rxd4 29. Qxe6 Rd6 30. Qe4 h6 31. b4 Nd5 32. Rd1 Ne7 33. Rxd6 Qxd6 34. Qc4 Kc7 35. a4 Qe5 36. Qb5 Qxb5 37. axb5 f5 38. Kf1 fxg4 39. hxg4 Ng6 40. Ke2 Ne5 41. Ke3 Ng6 42. Be4 Ne5 43. f3 Nc4+ 44. Kd4 Nd2 45. Ke5 Nf1 46. Kf6 Ng3 47. Kg6 a5 48. bxa6 h5 49. gxh5 1-0

[Event "Shropshire Major U1900"]
[Site "Telford"]
[Date "2025.01.05"]
[Round "5.1"]
[White "Neal, Toby C"]
[Black "Pugh, Glyn D"]
[Result "0-1"]
[WhiteElo "1826"]
[BlackElo "1857"]
[PlyCount "111"]
[EventDate "2025.01.03"]
[EventType "swiss"]
[EventRounds "5"]
[EventCountry "ENG"]
[SourceTitle "BritBase"]
[Source "John Saunders"]
[SourceDate "2025.01.09"]
[SourceVersion "1"]
[SourceVersionDate "2025.01.09"]
[SourceQuality "1"]

1. e4 d5 2. exd5 Qxd5 3. Nf3 Bg4 4. Be2 Nc6 5. Nc3 Qd7 6. O-O O-O-O 7. d3 e5 8. Be3 f5 9. h3 Bxf3 10. Bxf3 Kb8 11. a4 Nf6 12. a5 f4 13. Bc1 a6 14. Rb1 Bb4 15. Na2 Bxa5 16. b4 Bb6 17. Nc3 Nd4 18. Ne4 Nxf3+ 19. Qxf3 Nxe4 20. Qxe4 Qd5 21. Bb2 Qxe4 22. dxe4 Bd4 23. b5 Bxb2 24. Rxb2 Rd6 25. Ra1 Kc8 26. c4 Rhd8 27. Raa2 Kd7 28. c5 Rd1+ 29. Kh2 axb5 30. Rxb5 Kc6 31. Rab2 Rb8 32. Ra5 Rc1 33. Rbb5 Rc2 34. f3 Rd8 35. Rb1 Rdd2 36. Rg1 Rxc5 37. Ra8 b6 38. h4 Kb7 39. Re8 Rd7 40. Kh3 g6 41. Kg4 b5 42. h5 gxh5+ 43. Kxh5 Rg7 44. Kh6 Rg3 45. Re7 b4 46. Kxh7 b3 47. Rg7 b2 48. Rb1 Rc2 49. Rxg3 fxg3 50. f4 exf4 51. e5 Kc6 52. Kg6 Rxg2 53. Kf5 f3 54. e6 Re2 55. Kg4 f2 56. Ra1 0-1

[Event "Shropshire Major U1900"]
[Site "Telford"]
[Date "2025.01.05"]
[Round "5.2"]
[White "Cawston, M John"]
[Black "Bailey, Adrian"]
[Result "1-0"]
[WhiteElo "1763"]
[BlackElo "1774"]
[PlyCount "77"]
[EventDate "2025.01.03"]
[EventType "swiss"]
[EventRounds "5"]
[EventCountry "ENG"]
[SourceTitle "BritBase"]
[Source "John Saunders"]
[SourceDate "2025.01.09"]
[SourceVersion "1"]
[SourceVersionDate "2025.01.09"]
[SourceQuality "1"]

1. Nf3 Nf6 2. c4 g6 3. Nc3 Bg7 4. d4 d5 5. cxd5 Nxd5 6. e4 Nxc3 7. bxc3 O-O 8. Rb1 c5 9. Be2 Qa5 10. Bd2 Qxa2 11. O-O Nc6 12. d5 Ne5 13. Nxe5 Bxe5 14. f4 Bg7 15. Bf3 Qa5 16. Qe1 Qc7 17. e5 Rb8 18. c4 b6 19. Be3 Bf5 20. Rb3 Qd7 21. Qe2 Qa4 22. Rb2 h5 23. h3 a5 24. g4 hxg4 25. hxg4 Bd7 26. Rfb1 Bc8 27. Rxb6 Rxb6 28. Rxb6 Qa3 29. Qf2 Qc3 30. Bxc5 Re8 31. Kg2 Qxc4 32. Qe3 Ba6 33. Rb2 Qf1+ 34. Kg3 f6 35. exf6 Bxf6 36. Qe6+ Kg7 37. Rh2 Qg1+ 38. Bxg1 Bc3 39. Bc5 1-0

[Event "Shropshire Intermediate U1700"]
[Site "Telford"]
[Date "2025.01.03"]
[Round "1.1"]
[White "Holmes, Nicholas D"]
[Black "White, Nicholas E"]
[Result "0-1"]
[WhiteElo "1529"]
[BlackElo "1676"]
[PlyCount "137"]
[EventDate "2025.01.03"]
[EventType "swiss"]
[EventRounds "5"]
[EventCountry "ENG"]
[SourceTitle "BritBase"]
[Source "John Saunders"]
[SourceDate "2025.01.09"]
[SourceVersion "1"]
[SourceVersionDate "2025.01.09"]
[SourceQuality "1"]

1. c4 c6 2. Nc3 d5 3. cxd5 cxd5 4. d4 Nf6 5. Bf4 Nc6 6. e3 a6 7. Nf3 e6 8. Bd3 Be7 9. O-O Nh5 10. Ne2 Nxf4 11. Nxf4 Bd6 12. Ne2 O-O 13. e4 dxe4 14. Bxe4 Bd7 15. a3 Rc8 16. d5 exd5 17. Qxd5 Be6 18. Bxh7+ Kxh7 19. Qh5+ Kg8 20. Ng5 Re8 21. Qh7+ Kf8 22. Qh8+ Ke7 23. Qxg7 Rg8 24. Nxe6 Rxg7 25. Nxd8 Rxd8 26. Nc3 Rh8 27. g3 Rgh7 28. h4 Rg7 29. Ne4 Rxh4 30. Nxd6 Kxd6 31. Rad1+ Rd4 32. Rxd4+ Nxd4 33. Rd1 Ke5 34. Re1+ Kf6 35. Kg2 Ne6 36. Kf1 Rg8 37. Re3 Rc8 38. b4 Nd4 39. Kg2 Kg6 40. Rd3 Nc2 41. Kf1 Re8 42. Rd7 b5 43. Rd1 Nxa3 44. Ra1 Nc2 45. Rxa6+ Re6 46. Ra5 Rb6 47. Ke2 Nxb4 48. Kd2 Nc6 49. Ra1 b4 50. Rb1 Ra6 51. Kd3 Ra2 52. f3 Ra3+ 53. Ke4 b3 54. g4 Na5 55. Kd4 Kg5 56. Ke4 Ra2 57. Kd3 Kf4 58. g5 Kxg5 59. Ke4 f5+ 60. Ke3 f4+ 61. Ke4 Re2+ 62. Kd4 Re3 63. Rf1 Nc6+ 64. Kd5 Nb4+ 65. Kc4 Nc2 66. Rd1 Rxf3 67. Rd5+ Kg4 68. Rb5 Na3+ 69. Kd4 0-1

[Event "Shropshire Intermediate U1700"]
[Site "Telford"]
[Date "2025.01.03"]
[Round "1.2"]
[White "Westhead, John"]
[Black "Kornilovich, Gregory"]
[Result "1-0"]
[WhiteElo "1673"]
[BlackElo "1525"]
[PlyCount "131"]
[EventDate "2025.01.03"]
[EventType "swiss"]
[EventRounds "5"]
[EventCountry "ENG"]
[SourceTitle "BritBase"]
[Source "John Saunders"]
[SourceDate "2025.01.09"]
[SourceVersion "1"]
[SourceVersionDate "2025.01.09"]
[SourceQuality "1"]

1. d4 d5 2. c4 e6 3. Nc3 Nf6 4. Bg5 Be7 5. Nf3 O-O 6. e3 Nbd7 7. cxd5 Nxd5 8. Bxe7 Nxc3 9. bxc3 Qxe7 10. Bd3 e5 11. Qc2 h6 12. O-O c5 13. Rfd1 a6 14. d5 Nf6 15. e4 Bg4 16. Be2 Rfd8 17. c4 Qd6 18. Rab1 Rab8 19. a4 b6 20. Rb3 Bd7 21. Ra1 Ne8 22. Qb2 f6 23. h3 Rb7 24. Nh4 Kh7 25. Bh5 Nc7 26. Bg6+ Kh8 27. Qe2 Be8 28. Nf5 Qf8 29. Qg4 Bxg6 30. Qxg6 Ne8 31. Rg3 Nd6 32. Nxd6 Rxd6 33. Raa3 f5 34. Qxf5 Qxf5 35. exf5 Rf7 36. Rg6 Rxg6 37. fxg6 Rf6 38. Rd3 Rd6 39. Re3 Rxg6 40. Rxe5 Rd6 41. f4 Kg8 42. Re6 Rxe6 43. dxe6 g6 44. g4 Kf8 45. Kf2 Ke7 46. f5 g5 47. Ke3 Kf6 48. Ke4 Ke7 49. Kd5 Kd8 50. Kc6 b5 51. axb5 a5 52. Kxc5 a4 53. Kb4 Kc7 54. Kxa4 Kd6 55. Ka5 Ke5 56. b6 Kf4 57. b7 Kg3 58. b8=Q+ Kxh3 59. Qh8 Kxg4 60. Qxh6 Kf4 61. e7 Kxf5 62. e8=R Kf4 63. Qf6+ Kg4 64. Re5 Kh4 65. Rxg5 Kh3 66. Qh6# 1-0

[Event "Shropshire Intermediate U1700"]
[Site "Telford"]
[Date "2025.01.04"]
[Round "2.1"]
[White "White, Nicholas E"]
[Black "Fancourt, Leslie J"]
[Result "1/2-1/2"]
[WhiteElo "1751"]
[BlackElo "1637"]
[PlyCount "51"]
[EventDate "2025.01.03"]
[EventType "swiss"]
[EventRounds "5"]
[EventCountry "ENG"]
[SourceTitle "BritBase"]
[Source "John Saunders"]
[SourceDate "2025.01.09"]
[SourceVersion "1"]
[SourceVersionDate "2025.01.09"]
[SourceQuality "1"]

1. e4 e5 2. Nf3 Nf6 3. Nc3 Bb4 4. Bc4 c6 5. d3 d5 6. exd5 cxd5 7. Bb5+ Bd7 8. Bxd7+ Nbxd7 9. O-O O-O 10. Bg5 Bxc3 11. bxc3 Qc7 12. Bxf6 Nxf6 13. c4 e4 14. Nd2 Rad8 15. Qc1 Ng4 16. g3 e3 17. fxe3 Nxe3 18. Rf4 d4 19. Nb3 Qc6 20. Qd2 Rfe8 21. Nxd4 Qc5 22. c3 g5 23. Rf3 Rxd4 24. Rxe3 Rxd3 25. Qxd3 Rxe3 26. Qd4 1/2-1/2

[Event "Shropshire Intermediate U1700"]
[Site "Telford"]
[Date "2025.01.04"]
[Round "2.2"]
[White "Chan, Waylon"]
[Black "Westhead, John"]
[Result "1/2-1/2"]
[WhiteElo "1587"]
[BlackElo "1673"]
[PlyCount "110"]
[EventDate "2025.01.03"]
[EventType "swiss"]
[EventRounds "5"]
[EventCountry "ENG"]
[SourceTitle "BritBase"]
[Source "John Saunders"]
[SourceDate "2025.01.09"]
[SourceVersion "1"]
[SourceVersionDate "2025.01.09"]
[SourceQuality "1"]

1. d4 d5 2. c4 e6 3. Nc3 Nf6 4. Nf3 Nbd7 5. Bg5 c6 6. e3 Qa5 7. Qd2 Bb4 8. a3 Ne4 9. Qc1 Bxc3+ 10. bxc3 dxc4 11. Bf4 b5 12. g3 Qxc3+ 13. Qxc3 Nxc3 14. Bd6 Ne4 15. Bb4 a5 16. Bd2 O-O 17. Bg2 Bb7 18. O-O Ndf6 19. Rfc1 Rfc8 20. a4 Nxd2 21. Nxd2 Ra7 22. Rab1 Ba6 23. Bxc6 b4 24. Bg2 c3 25. Nb3 Bd3 26. Ra1 h6 27. Nc5 Bg6 28. Ra2 Rcc7 29. Re2 Nd7 30. Ne4 Nb6 31. Nc5 Re7 32. f4 f5 33. Bc6 Be8 34. Bxe8 Rxe8 35. e4 Kf7 36. Rce1 Rae7 37. h3 g6 38. g4 Nd7 39. Nb7 Nb6 40. Nd6+ Kf8 41. Nxe8 Kxe8 42. exf5 gxf5 43. gxf5 b3 44. f6 Nxa4 45. fxe7 c2 46. f5 Nc3 47. Rg2 Kxe7 48. Rd2 a4 49. d5 Ne4 50. d6+ Nxd6 51. f6+ Kxf6 52. Rxd6 b2 53. Rdxe6+ Kf5 54. R6e5+ Kf6 55. Re6+ Kf5 1/2-1/2

[Event "Shropshire Intermediate U1700"]
[Site "Telford"]
[Date "2025.01.04"]
[Round "3.1"]
[White "Brown, Roger R"]
[Black "Oliveri, Omar"]
[Result "1-0"]
[WhiteElo "1590"]
[BlackElo "1671"]
[PlyCount "153"]
[EventDate "2025.01.03"]
[EventType "swiss"]
[EventRounds "5"]
[EventCountry "ENG"]
[SourceTitle "BritBase"]
[Source "John Saunders"]
[SourceDate "2025.01.09"]
[SourceVersion "1"]
[SourceVersionDate "2025.01.09"]
[SourceQuality "1"]

1. e4 e6 2. d4 d5 3. exd5 exd5 4. Nf3 Nf6 5. Bd3 Bd6 6. O-O O-O 7. c3 c6 8. Bg5 Bg4 9. Nbd2 h6 10. Bh4 Nbd7 11. Qc2 Qc7 12. h3 Be6 13. Rfe1 Rfe8 14. Re2 Nh5 15. Ree1 Nf4 16. Bf5 Bxf5 17. Qxf5 Ng6 18. Rxe8+ Rxe8 19. Kf1 Nxh4 20. Nxh4 Nf6 21. Re1 Rxe1+ 22. Kxe1 Qe7+ 23. Kf1 a5 24. Qc2 Bf4 25. Nhf3 b5 26. a3 a4 27. Qd3 Ne4 28. Qe2 Bxd2 29. Nxd2 Nxd2+ 30. Qxd2 Qe4 31. Qd1 f5 32. f3 Qe3 33. Qe2 Qc1+ 34. Kf2 Kf7 35. Kg3 Qg5+ 36. Kh2 Qf4+ 37. Kg1 g6 38. Kf2 Qh4+ 39. Kg1 Qf4 40. Kf2 Qc1 41. Kg3 h5 42. Qe5 Qg5+ 43. Kh2 Qd8 44. Kg3 Qg5+ 45. Kh2 Qd8 46. Kg3 h4+ 47. Kh2 Qd7 48. Qh8 Qd6+ 49. Kg1 Qf4 50. Qh7+ Kf6 51. Qh8+ Ke7 52. Qg7+ Kd8 53. Qxg6 Qc1+ 54. Kh2 Qxb2 55. Qd6+ Ke8 56. Qe6+ Kf8 57. Qf6+ Ke8 58. Qe6+ Kd8 59. Qd6+ Ke8 60. Qxc6+ Ke7 61. Qc5+ Ke6 62. Qc6+ Ke7 63. Qc5+ Ke6 64. Qb4 Qf2 65. Qxb5 Qg3+ 66. Kg1 Qe1+ 67. Qf1 Qe3+ 68. Kh2 Qxc3 69. Qa6+ Ke7 70. Qxa4 Qe1 71. Qb4+ Qxb4 72. axb4 Kd6 73. g3 hxg3+ 74. Kxg3 Kc6 75. Kf4 Kb5 76. Ke5 Kxb4 77. Kxd5 1-0

[Event "Shropshire Intermediate U1700"]
[Site "Telford"]
[Date "2025.01.04"]
[Round "3.2"]
[White "Flavell, Archie"]
[Black "White, Nicholas E"]
[Result "0-1"]
[WhiteElo "1666"]
[BlackElo "1676"]
[PlyCount "44"]
[EventDate "2025.01.03"]
[EventType "swiss"]
[EventRounds "5"]
[EventCountry "ENG"]
[SourceTitle "BritBase"]
[Source "John Saunders"]
[SourceDate "2025.01.09"]
[SourceVersion "1"]
[SourceVersionDate "2025.01.09"]
[SourceQuality "1"]

1. e4 c6 2. d4 d5 3. f3 e6 4. Nc3 c5 5. Be3 cxd4 6. Bxd4 Nc6 7. exd5 exd5 8. Bb5 Nf6 9. Bxf6 Qxf6 10. Qxd5 Be7 11. O-O-O O-O 12. Qe4 Bf5 13. Qf4 Qg6 14. h4 Nb4 15. Nge2 Bxc2 16. Rd7 Bc5 17. Ne4 Bxe4 18. fxe4 Rac8 19. Kb1 a6 20. Ba4 Qe6 21. Rd5 Nxd5 22. exd5 Qxe2 0-1

[Event "Shropshire Intermediate U1700"]
[Site "Telford"]
[Date "2025.01.05"]
[Round "4.1"]
[White "Homer, Neil S"]
[Black "Brown, Roger R"]
[Result "1-0"]
[WhiteElo "1640"]
[BlackElo "1590"]
[PlyCount "51"]
[EventDate "2025.01.03"]
[EventType "swiss"]
[EventRounds "5"]
[EventCountry "ENG"]
[SourceTitle "BritBase"]
[Source "John Saunders"]
[SourceDate "2025.01.09"]
[SourceVersion "1"]
[SourceVersionDate "2025.01.09"]
[SourceQuality "1"]

1. e4 e5 2. Nc3 Nc6 3. Bc4 Nf6 4. d3 h6 5. Nf3 d6 6. h3 a6 7. a4 Be6 8. Nd5 Bxd5 9. Bxd5 Nxd5 10. exd5 Ne7 11. c4 Ng6 12. Bd2 Be7 13. O-O O-O 14. Qc1 Kh7 15. Re1 f5 16. Qc2 Nh4 17. Nxh4 Bxh4 18. Re2 Bg5 19. Rae1 Bxd2 20. Qxd2 Qf6 21. f4 Rfe8 22. Qc3 Qf7 23. fxe5 f4 24. e6 Qf5 25. Qd4 g6 26. Rf2 1-0

[Event "Shropshire Intermediate U1700"]
[Site "Telford"]
[Date "2025.01.05"]
[Round "4.2"]
[White "White, Nicholas E"]
[Black "Atherton, Marcus"]
[Result "1-0"]
[WhiteElo "1676"]
[BlackElo "1510"]
[PlyCount "59"]
[EventDate "2025.01.03"]
[EventType "swiss"]
[EventRounds "5"]
[EventCountry "ENG"]
[SourceTitle "BritBase"]
[Source "John Saunders"]
[SourceDate "2025.01.09"]
[SourceVersion "1"]
[SourceVersionDate "2025.01.09"]
[SourceQuality "1"]

1. d4 d5 2. Nc3 Nf6 3. Bf4 a6 4. e3 Bf5 5. f3 e6 6. g4 Bg6 7. h4 h6 8. h5 Bh7 9. Bd3 Bb4 10. Nge2 Nc6 11. g5 hxg5 12. Bxg5 Be7 13. h6 Bxd3 14. Qxd3 gxh6 15. Rxh6 Rxh6 16. Bxh6 Qd7 17. a3 O-O-O 18. O-O-O Rh8 19. Bg7 Rg8 20. Bxf6 Bxf6 21. e4 dxe4 22. fxe4 Rd8 23. d5 Ne5 24. Qd4 Qe7 25. Qa7 c5 26. Na4 Nd7 27. d6 Bg5+ 28. Kb1 Qe8 29. Qa8+ Nb8 30. Nb6# 1-0

[Event "Shropshire Intermediate U1700"]
[Site "Telford"]
[Date "2025.01.05"]
[Round "5.1"]
[White "White, Nicholas E"]
[Black "Homer, Neil S"]
[Result "1/2-1/2"]
[WhiteElo "1676"]
[BlackElo "1640"]
[PlyCount "57"]
[EventDate "2025.01.03"]
[EventType "swiss"]
[EventRounds "5"]
[EventCountry "ENG"]
[SourceTitle "BritBase"]
[Source "John Saunders"]
[SourceDate "2025.01.09"]
[SourceVersion "1"]
[SourceVersionDate "2025.01.09"]
[SourceQuality "1"]

1. d4 d5 2. Bf4 c5 3. e3 Nc6 4. c3 Nf6 5. Bd3 c4 6. Bc2 Bg4 7. f3 Bh5 8. Nd2 Bg6 9. e4 e6 10. e5 Nd7 11. Ne2 Be7 12. O-O Qb6 13. Rb1 Ndxe5 14. Bxe5 Nxe5 15. Nf4 Bxc2 16. Qxc2 Ng6 17. Nh5 O-O 18. b3 cxb3 19. Rxb3 Qc6 20. f4 f5 21. Nf3 b6 22. Re1 Rae8 23. Qe2 Bf6 24. Ra3 a5 25. Rb3 a4 26. Nxf6+ Rxf6 27. Qb5 Rc8 28. Qxc6 Rxc6 29. Rb4 1/2-1/2

[Event "Shropshire Intermediate U1700"]
[Site "Telford"]
[Date "2025.01.05"]
[Round "5.2"]
[White "Oliveri, Omar"]
[Black "Chan, Waylon"]
[Result "1/2-1/2"]
[WhiteElo "1671"]
[BlackElo "1587"]
[PlyCount "124"]
[EventDate "2025.01.03"]
[EventType "swiss"]
[EventRounds "5"]
[EventCountry "ENG"]
[SourceTitle "BritBase"]
[Source "John Saunders"]
[SourceDate "2025.01.09"]
[SourceVersion "1"]
[SourceVersionDate "2025.01.09"]
[SourceQuality "1"]

1. e4 c6 2. d4 d5 3. e5 Bf5 4. Nf3 e6 5. Be2 c5 6. c3 Nc6 7. Be3 Qb6 8. Qb3 cxd4 9. cxd4 Bb4+ 10. Nc3 Nge7 11. O-O O-O 12. Rfd1 Na5 13. Qa4 Bxc3 14. bxc3 Rac8 15. Rdc1 Nc4 16. Qb4 Qxb4 17. cxb4 Nxe3 18. fxe3 h6 19. h3 g5 20. g4 Bg6 21. Ne1 Kg7 22. Bd3 Bxd3 23. Nxd3 Rc4 24. Rxc4 dxc4 25. Nc5 b6 26. Na6 Rc8 27. Rc1 Nd5 28. Kf2 c3 29. Ke2 Rc4 30. a3 c2 31. Kd2 Rc3 32. e4 Rxa3 33. exd5 Rxa6 34. d6 Kf8 35. Rxc2 Ke8 36. Rc8+ Kd7 37. Rc7+ Ke8 38. Rc8+ Kd7 39. Rf8 Ra2+ 40. Kc1 Rf2 41. Rh8 Rf4 42. Ra8 a5 43. Ra7+ Ke8 44. bxa5 bxa5 45. Rxa5 Rxd4 46. Ra8+ Kd7 47. Rf8 Rf4 48. Kd2 f5 49. Rf7+ Ke8 50. Re7+ Kd8 51. Rxe6 fxg4 52. hxg4 Rxg4 53. Rxh6 Re4 54. Re6 g4 55. Kd3 Re1 56. Kd2 Re4 57. Re7 g3 58. Kd3 Re1 59. Rg7 Rxe5 60. Kd4 Re6 61. Kd5 Re3 62. Kc5 Rd3 1/2-1/2

[Event "Shropshire Minor U1500"]
[Site "Telford"]
[Date "2025.01.03"]
[Round "1.1"]
[White "Bartlett, Sam"]
[Black "Cotterill, Joe"]
[Result "1-0"]
[WhiteElo "1483"]
[BlackElo "1211"]
[PlyCount "70"]
[EventDate "2025.01.03"]
[EventType "swiss"]
[EventRounds "5"]
[EventCountry "ENG"]
[SourceTitle "BritBase"]
[Source "John Saunders"]
[SourceDate "2025.01.09"]
[SourceVersion "1"]
[SourceVersionDate "2025.01.09"]
[SourceQuality "1"]

1. d4 d5 2. c4 e6 3. Nc3 Nf6 4. Bg5 Be7 5. Nf3 O-O 6. e3 h6 7. Bxf6 Bxf6 8. Rc1 Nc6 9. Be2 b6 10. cxd5 exd5 11. O-O Be6 12. a3 Qe7 13. Qc2 a6 14. Na2 Bd7 15. Nc3 Be6 16. Rfd1 Rfb8 17. e4 Rd8 18. exd5 Bxd5 19. Nxd5 Rxd5 20. Qxc6 Rdd8 21. Bf1 Qd6 22. Qxd6 cxd6 23. b3 b5 24. Rc6 d5 25. a4 bxa4 26. bxa4 a5 27. Ra6 Rxa6 28. Bxa6 Rd6 29. Bb5 Kf8 30. Re1 Re6 31. Ne5 Bxe5 32. dxe5 Ke7 33. Kf1 Kd8 34. f4 Kc7 35. Rd1 Kd8 1-0